|
|
|
|
| LEADER |
00000nam0a2200000 4500 |
| 001 |
126150 |
| 005 |
20231101215957.0 |
| 035 |
|
|
|a (RuTPU)RU\TPU\book\136480
|
| 090 |
|
|
|a 126150
|
| 100 |
|
|
|a 20071126d2007 m y0rusy50 ca
|
| 101 |
0 |
|
|a rus
|
| 102 |
|
|
|a RU
|
| 105 |
|
|
|a a j 001zy
|
| 200 |
1 |
|
|a Учебно-методические материалы по изучению грузоподъемных кранов и указания по их обследованию
|f Н. П. Калиниченко, М. А. Васильева
|g Томский политехнический университет (ТПУ)
|
| 210 |
|
|
|a Томск
|c Изд-во ТПУ
|d 2007
|
| 215 |
|
|
|a 220 с.
|c ил.
|
| 320 |
|
|
|a Перечень использованной литературы: с. 180
|
| 330 |
|
|
|a В данных материалах приведена подробная классификация грузоподъемных кранов, рассмотрены их основные виды и типы, элементы и основные узлы. Материал сопровождается схематичным изображением кранов и их механизмов, что дает лучшее представление об их особенностях. Также приведены указания по обследованию кранов мостового типа общего назначения с истекшим сроком службы.
|
| 606 |
1 |
|
|a Грузоподъемные краны
|x Технический надзор
|2 stltpush
|3 (RuTPU)RU\TPU\subj\8690
|9 36048
|
| 610 |
1 |
|
|a портальные краны
|
| 610 |
1 |
|
|a мостовые краны
|
| 610 |
1 |
|
|a автомобильные краны
|
| 610 |
1 |
|
|a башенные краны
|
| 610 |
1 |
|
|a портальные краны
|
| 610 |
1 |
|
|a пневмоколесные краны
|
| 610 |
1 |
|
|a гусеничные краны
|
| 610 |
1 |
|
|a железнодорожные краны
|
| 610 |
1 |
|
|a безопасность
|
| 610 |
1 |
|
|a приборы
|
| 610 |
1 |
|
|a блоки
|
| 610 |
1 |
|
|a грузозахватные органы
|
| 610 |
1 |
|
|a канаты
|
| 610 |
1 |
|
|a цепи
|
| 610 |
1 |
|
|a траверсы
|
| 610 |
1 |
|
|a техническое состояние
|
| 610 |
1 |
|
|a обследование
|
| 610 |
1 |
|
|a учебно-методические пособия
|
| 610 |
1 |
|
|a труды учёных ТПУ
|
| 675 |
|
|
|a 621.873.004(07)
|v 3
|
| 700 |
|
1 |
|a Калиниченко
|b Н. П.
|c специалист в области неразрушающего контроля
|c доцент Томского политехнического университета, кандидат технических наук
|f 1945-
|g Николай Петрович
|2 stltpush
|3 (RuTPU)RU\TPU\pers\27076
|
| 701 |
|
1 |
|a Васильева
|b М. А.
|c специалист в области неразрушающего контроля
|c инженер Томского политехнического университета
|g Марина Александровна
|2 stltpush
|3 (RuTPU)RU\TPU\pers\28998
|
| 712 |
0 |
2 |
|a Томский политехнический университет (ТПУ)
|z 1991-
|2 stltpush
|3 (RuTPU)RU\TPU\col\376
|
| 801 |
|
1 |
|a RU
|b 63413507
|c 20071126
|g PSBO
|
| 801 |
|
2 |
|a RU
|b 63413507
|c 20220808
|g PSBO
|
| 942 |
|
|
|c BK
|